000 01418nam0a2200337 4500
001 RU\NLR\bibl\1294379
005 20250615145130.0
010 _a978-5-98406-006-6
_91000
021 _aRU
_b2008-2549и
_9141и
035 _a(NLR Aleph) 001280019
090 _a493051
_c493051
100 _a20081113d2008 |||y0rusy50 ca
101 0 _arus
102 _aRU
105 _aa |||||||||
200 1 _aАлександр Карих
_eмонументальное искусство, эмаль, живопись
_e[альбом
_fавт. текстов: О. Н. Лошаков, чл.-кор. РАХ, заслуж. худож. РФ, проф., и др.]
210 _aЯрославль
_cЯрсоцбанк
_d2008
215 _a119, [1] с.
_cил., цв. ил.
_d29
300 _aНа 119-й с. авт.: Александр Карих, заслуж. худож. России
600 1 _aКарих
_bА. А.
_f1941
_gАлександр Андреевич
_jАльбомы
_91087583
_3RU\NLR\auth\66426074
686 _aЩ143(2Р=Рус)7-8Карих я61
700 1 _aКарих
_bА. А.
_f1941-
_gАлександр Андреевич
_4070
702 1 _aЛошаков
_bО. Н.
_f1936-
_gОлег Николаевич
_4770
801 0 _aRU
_bNLR
_c20081113
_gRCR
801 1 _aRU
_bNLR
_c20081113
830 _aавт. по кн.
942 _cBOOK
980 _aNB
980 _aNBR